000 00995 a2200217 4500
001 54245
005 20260407155813.0
008 260407a1949 arg spa d
003 AR-UNSa-BCEJYS
040 _aAR-UNSa-BCEJYS
_bspa
_cAR-UNSa-BCEJYS
080 _a330.8
_xHistoria de las teorías, Doctrinas, Dogmas económicos (pensamiento económico)
245 1 0 _aHistoria de las doctrinas económicas
_pde los fisiócratas a John Stuart Mill
264 1 _aBuenos Aires :
_bDepalma
_c1949
300 _a2 v. (517 ; 579 p.)
_c24 cm.
505 _aVol. I: 1. Los fundadores - 2. Los adversarios - 3. El liberalismo - 4. Los disidentes - 5. La renovación de las doctrinas a fones del siglo XIX el florecimiento de las doctrinas sociales - 6. Preponderancia de los problemas de la producción y de intercambio después de la Primera Guerra Mundial -- Vol. II:
041 _aspa
942 _cBK
590 _aniveau_biblio:m niveau_hierar:0
100 1 _aGide, Charles
700 1 _aRist, Charles
999 _c5416
_d5416